LEADER 00757nam a2200193 i 4500 001 000000141758 003 CaOOAMICUS 005 20080311000000.0 008 080311n it u000 u ita u 013 $a116487 040 $aSeMil$bita 100 1 $aEusebietti, Pietro.$0(OLS)http://semarc/name/6610 245 10$aPedagogia generale :$bpreceduta da Nozioni di psicologia. 300 $a218 p. 650 4$aPedagogia.$0(OLS)http://semarc/subject/1060 773 0 $aEusebietti, Pietro$tCorso di Pedagogia.$dTorino : SEI, 1921-1922.$gParte1$w()14000 850 $aSeMil 852 $aSeMil$W1$xVenegono$y1$m2R III 24$j94976$B94976$CSeMilBibl$Z2$F101007 $81 996 $6245$aPedagogia generale :$bpreceduta da Nozioni di psicologia$9(OLS)http://semarc/title/207217 LEADER 00607naa a2200145 i 4500 001 000000297777 003 CaOOAMICUS 005 20180831172611.0 008 180831n xx u000 u und u 013 $a5348 040 $aSeMil$bita 100 1 $aLafitte, Jean.$0(OLS)http://semarc/name/85440 245 13$aLa condizione dell'embrione alla luce dell'antropologia teologica. 773 0 $tIdentitā e statuto dell'embrione umano.$dCittā del Vaticano : Libreria Editrice Vaticana, 1998.$z88-209-2473-0$w()62305 996 $6245$aLa condizione dell'embrione alla luce dell'antropologia teologica$9(OLS)http://semarc/title/373792 LEADER 00680naa a2200157 i 4500 001 000000317642 003 CaOOAMICUS 005 20180831173232.0 008 180831n it u000 u ita u 013 $a26820 040 $aSeMil$bita 100 1 $aGill, Joseph,$c.$0(OLS)http://semarc/name/91 245 12$aL'accordo greco-latino nel concilio di Firenze. 650 4$aConcilio di Firenze <1438-1439>.$0(OLS)http://semarc/subject/4306 773 0 $aBotte, Bernard $tConcilio e i concili.$dRoma : Edizioni Paoline, imprim. 1961.$kBiblioteca di cultura religiosa$gp.261-278$w()45790 996 $6245$aL'accordo greco-latino nel concilio di Firenze$9(OLS)http://semarc/title/391579 LEADER 00854nam a2200217 i 4500 001 000000035310 003 CaOOAMICUS 005 19970304000000.0 008 970304n it u000 u ita u 013 $a3411 040 $aSeMil$bita 245 10$aTomo 1. 700 1 $aBārberi Squarotti, Giorgio,$d<1929-2017>.$0(OLS)http://semarc/name/1058 700 1 $aBruni, Francesco.$0(OLS)http://semarc/name/1060 700 1 $aDotti, Ugo.$0(OLS)http://semarc/name/1059 773 0 $aBārberi Squarotti, Giorgio <1929-2017>$tDalle origini al Trecento.$w()1206 773 0 $tStoria della civiltā letteraria italiana.$dTorino : UTET, 1990-1996.$gVolume1$w()1541 850 $aSeMil 852 $aSeMil$W1$xVenegono$y1$mSL1.C VI 10/1$j1465$B1465$CSeMilBibl$Z2$F1465 $8I 961 $aAcquisto: UTET (Agente) 996 $6245$aTomo 1$9(OLS)http://semarc/title/46685 LEADER 01254nam a2200313 i 4500 001 000000119964 003 CaOOAMICUS 005 20190524103232.0 008 031110s1986 it u000 u ita u 013 $a92658 020 $a88-420-2676-X 040 $aSeMil$bita 245 10$a1: Voce calamitosa, 1452-1494. 264 1$aBari :$bLaterza,$c1986. 300 $aXI, 366 p. ;$c21 cm. 490 1 $aStoria e societā [Laterza] 500 $aFondo Card. C.M. Martini. 600 14$aSavonarola, Girolamo .$0(OLS)http://semarc/subject/1591 700 1 $aCordero, Franco,$d<1928-2020>.$0(OLS)http://semarc/name/5074 773 0 $aCordero, Franco <1928-2020>$tSavonarola.$dBari : Laterza, 1986.$kStoria e societā$g1$w()10431 830 0$aStoria e societā.$0(OLS)http://semarc/title/2818 850 $aSeMil 852 $aSeMil$W1$xVenegono$y1$m3U III 203$j75171$B75171$CSeMilBibl$Z2$F85150 $81 941 1 $a4 961 $aOmaggio: Martini Card. Carlo Maria 996 $6020$a88-420-2676-X$9(OLS)http://semarc/number/105048 996 $6245$a1: Voce calamitosa, 1452-1494$9(OLS)http://semarc/title/176448 996 $6264$aBari :$bLaterza$9(OLS)http://semarc/publisher/29858 LEADER 01420nam a2200313 i 4500 001 000000224628 003 CaOOAMICUS 005 20131106000000.0 008 131106s1993 it u000 u ita u 013 $a203526 020 $a88-86180-09-8 040 $aSeMil$bita 245 14$aGli animali e la Bibbia :$bi nostri minori fratelli /$cBiblia - Associazione Laica di Cultura Biblica ; WWF - Fondo Mondiale per la Natura ; a cura di Piero Stefani. 260 $aRoma :$bGaramond,$c1993. 300 $a134 p. :$bill. ;$c24 cm. 490 0 $aIl grande codice ;$v2 500 $aFondo card. C. M. Martini. 650 4$aBibbia - Tema [degli] Animali.$0(OLS)http://semarc/subject/20267 700 1 $aStefani, Piero,$d<1949- >.$0(OLS)http://semarc/name/3241 700 1 $aWWF - Fondo Mondiale per la Natura.$0(OLS)http://semarc/name/93937 710 2 $aBiblia .$0(OLS)http://semarc/name/4186 830 3$aIl grande codice ;$v2.$0(OLS)http://semarc/title/39469 850 $aSeMil 852 $aSeMil$W1$xVenegono$y1$m2V VII 6$j174974$B174974$CSeMilBibl$Z2$F185622 $81 941 1 $a4 961 $aLascito: Martini Card. Carlo Maria 996 $6020$a88-86180-09-8$9(OLS)http://semarc/number/225197 996 $6245$aGli animali e la Bibbia :$bi nostri minori fratelli$9(OLS)http://semarc/title/321908 996 $6260$aRoma :$bGaramond$9(OLS)http://semarc/publisher/37974 LEADER 00658nam a2200169 i 4500 001 000000009607 003 CaOOAMICUS 005 20180830125440.0 008 180830n it u000 u ita u 040 $aSeMil$bita 100 1 $aMargerie, Bertrand : de,$c.$0(OLS)http://semarc/name/4736 245 10$aIntroduzione alla storia dell'esegesi /$cBertrand de Margerie , S.J. 260 $aRoma :$bBorla,$c[19--] 300 $av. ;$c21 cm. 650 4$aEsegesi biblica - Storia.$0(OLS)http://semarc/subject/90 996 $6245$aIntroduzione alla storia dell'esegesi$9(OLS)http://semarc/title/12689 996 $6260$aRoma :$bBorla$9(OLS)http://semarc/publisher/29677